00394nam a2200157Ia 4500003000400000005001700004008004100021020001800062040000900080082002000089100001900109245004800128260003200176300000800208650002000216OSt20201120130555.0190216s9999||||xx |||||||||||||| ||und|| a9788124015681 coclc a894.8123bKUR/A aKurian, Benny  0aAnuthapathinte Masumoorakal /cBenny Kurian bDc Books,aKottayam:c2005. a88p aMalayalam Novel